[Event "Schachbundesliga 2011/2012"]
[Site "Germany"]
[Date "2011.11.20"]
[Round "5.7"]
[White "Uhlmann, Wolfgang"]
[Black "Sebastian, Dirk"]
[Result "1/2-1/2"]
[WhiteElo "2379"]
[BlackElo "2446"]
[PlyCount "46"]
[EventDate "2011.??.??"]

1. c4 e5 2. Nc3 Nc6 3. Nf3 g6 4. e3 Bg7 5. d4 d6 6. Be2 exd4 7. exd4 Nge7 8. d5
Ne5 9. Nd4 Nf5 10. Nxf5 Bxf5 11. O-O O-O 12. Be3 Re8 13. Qd2 Ng4 14. Bxg4 Bxg4
15. Bd4 Bd7 16. Rfe1 Qh4 17. Bxg7 Kxg7 18. f4 f5 19. b4 Qf6 20. g3 h6 21. h4
Kf7 22. Rad1 b6 23. Ra1 Qd8 1/2-1/2